MARC

LEADER 00000nam0a2200000 4500
001 328468
005 20231102004050.0
035 |a (RuTPU)RU\TPU\book\354168 
090 |a 328468 
100 |a 20170217d1973 k y0rusy50 ca 
101 0 |a rus 
102 |a UZ 
105 |a y z 100zy 
200 1 |a Динамика оснований, фундаментов и подземных сооружений   |e тезисы докладов III Всесоюзной конференции, 16-18 мая 1973 г., Ташкент  |f Научно-исследовательский институт оснований и подземных сооружений ; Академия наук Узбекской ССР (АН УзССР), Институт механики и сейсмостойкости сооружений им. М. Т. Уразбаева (ИМиСС) ; под ред. Д. Д. Баркана 
210 |a Ташкент  |c Изд-во ИМиСС  |d 1973 
215 |a 144 с. 
606 1 |a Основания и фундаменты  |2 stltpush  |3 (RuTPU)RU\TPU\subj\74862  |9 86830 
610 1 |a подземные сооружения 
610 1 |a грунты 
610 1 |a вибрации 
610 1 |a свойства 
610 1 |a динамические воздействия 
610 1 |a волны 
610 1 |a виброметрия 
610 1 |a машины 
610 1 |a тезисы докладов 
610 1 |a конференции 
675 |a 624.15(063)  |v 4 
702 1 |a Баркан  |b Д. Д.  |4 340 
712 1 2 |a Динамика оснований, фундаментов и подземных сооружений  |c конференция  |d 3  |e Ташкент  |f 1973 
712 0 2 |a Научно-исследовательский институт оснований и подземных сооружений  |2 stltpush  |3 (RuTPU)RU\TPU\col\8271  |9 24507 
712 0 2 |a Академия наук Узбекской ССР (АН УзССР)  |b Институт механики и сейсмостойкости сооружений им. М. Т. Уразбаева (ИМиСС)  |c (Ташкент)  |c (1966-1991)  |2 stltpush  |3 (RuTPU)RU\TPU\col\19715 
801 1 |a RU  |b 63413507  |c 20170217 
801 2 |a RU  |b 63413507  |c 20170222  |g RCR 
942 |c BK